[Event "SR 3. liga A2 2016/2017"]
[Site "?"]
[Date "2017.03.05"]
[Round "10.4"]
[White "Zlamal, Marek"]
[Black "Kir, Kvetoslav"]
[Result "0-1"]
[WhiteElo "1827"]
[BlackElo "1739"]
[PlyCount "118"]
[EventDate "2016.??.??"]

1. d4 Nf6 2. c4 g6 3. Nc3 Bg7 4. e3 O-O 5. Nf3 d6 6. Bd3 Re8 7. h3 e5 8. Qc2
Nc6 9. O-O Nb4 10. Qe2 Nxd3 11. Qxd3 e4 12. Qe2 exf3 13. Qxf3 c6 14. e4 Qc7 15.
Bg5 Nd7 16. Rad1 Qb6 17. Bf4 c5 18. Nb5 cxd4 19. Nxd6 Re6 20. Qa3 Bf8 21. Nxc8
Rxc8 22. Qd3 Bg7 23. Rfe1 Ne5 24. Bxe5 Bxe5 25. b3 Rd8 26. g3 g5 27. Kg2 Rg6
28. Qf3 Rdd6 29. Qg4 Rdf6 30. Re2 Kg7 31. Qd7 Qc6 32. Qe7 Re6 33. Qa3 Bd6 34.
Qxa7 Rxe4 35. Rxe4 Qxe4+ 36. Kg1 Be5 37. Qa5 Rf6 38. Re1 Bc7 39. Rxe4 Bxa5 40.
Rxd4 Bb6 41. Rd2 Bc5 42. Kg2 h6 43. f3 Rd6 44. Re2 Bb4 45. Kf2 Kf6 46. g4 Rd2
47. Rxd2 Bxd2 48. Ke2 Bb4 49. Ke3 Ke5 50. Kd3 b6 51. Ke3 f5 52. f4+ gxf4+ 53.
Kf3 fxg4+ 54. hxg4 Bc5 55. Ke2 Ke4 56. Kf1 Kf3 57. Ke1 Kxg4 58. Kf1 Kf3 59. Ke1
Kg2 0-1

[Event "SR 3. liga A2 2016/2017"]
[Site "?"]
[Date "2017.03.05"]
[Round "10.4"]
[White "Bendzela, Tibor"]
[Black "Bartos, Bohumil"]
[Result "1-0"]
[WhiteElo "1675"]
[BlackElo "1636"]
[PlyCount "108"]
[EventDate "2016.??.??"]

1. e4 c6 2. d4 d5 3. exd5 cxd5 4. c4 Nf6 5. Nc3 Bf5 6. a3 e6 7. Bg5 Be7 8. c5
O-O 9. Nf3 h6 10. Bh4 Nc6 11. Be2 Qc7 12. O-O a6 13. b4 Ne4 14. Nxe4 Bxh4 15.
Nxh4 Bxe4 16. f4 Qe7 17. Nf3 Bxf3 18. Bxf3 Qf6 19. Kh1 Qxd4 20. Qc1 Qf6 21. Rb1
Rfb8 22. Bd1 e5 23. Bb3 Rd8 24. fxe5 Qxe5 25. Re1 Qf6 26. Qd2 Nd4 27. Ba2 Kf8
28. Rf1 Qh4 29. Rf4 Nf3 30. Rxf3 Qe4 31. Re1 Qg6 32. Qd3 Qg5 33. Qf5 Qxf5 34.
Rxf5 Re8 35. Rff1 Rxe1 36. Rxe1 d4 37. Bc4 Rd8 38. Bd3 Re8 39. Rxe8+ Kxe8 40.
Kg1 Kd7 41. a4 g6 42. Kf2 f5 43. Kf3 Kc6 44. g4 b6 45. gxf5 gxf5 46. Kf4 bxc5
47. bxc5 Kxc5 48. Bxa6 Kb4 49. Kxf5 Kxa4 50. Kg6 Kb4 51. Kxh6 Kc3 52. h4 d3 53.
Bxd3 Kxd3 54. Kg6 Ke4 1-0

[Event "SR 3. liga A2 2016/2017"]
[Site "?"]
[Date "2017.03.05"]
[Round "10.5"]
[White "Horak, Ivan"]
[Black "Varga, David"]
[Result "0-1"]
[WhiteElo "2022"]
[BlackElo "2301"]
[PlyCount "60"]
[EventDate "2016.??.??"]

1. e4 e5 2. Nf3 Nf6 3. Nxe5 d6 4. Nf3 Nxe4 5. Nc3 Nxc3 6. dxc3 Be7 7. Be3 Nc6
8. Qd2 O-O 9. O-O-O Be6 10. Nd4 Bf6 11. Kb1 Ne7 12. c4 Qd7 13. Be2 a6 14. h4 b5
15. Nxe6 Qxe6 16. Bf3 Rab8 17. Bd5 Qf5 18. Bd4 bxc4 19. Bxc4 c5 20. g4 Qf3 21.
Be2 Qa3 22. Bxf6 gxf6 23. c3 Rb6 24. Ka1 Qa4 25. Rb1 Rfb8 26. Bd3 c4 27. Bc2
Qa5 28. Qh6 Ng6 29. h5 Rb5 30. hxg6 Qxa2+ 0-1

[Event "SR 3. liga A2 2016/2017"]
[Site "?"]
[Date "2017.03.05"]
[Round "10.5"]
[White "Takacs, Laszlo"]
[Black "Hirmajer, Jan"]
[Result "1-0"]
[WhiteElo "2218"]
[BlackElo "1919"]
[PlyCount "59"]
[EventDate "2016.??.??"]

1. e4 c5 2. Nf3 Nc6 3. d4 cxd4 4. Nxd4 g6 5. c4 Bg7 6. Be3 Nf6 7. Nc3 Ng4 8.
Qxg4 Nxd4 9. Qd1 Ne6 10. Be2 Qa5 11. O-O O-O 12. Qd2 Re8 13. f4 Bxc3 14. bxc3
d6 15. f5 Nc5 16. Bd4 Nxe4 17. Qh6 Nf6 18. fxg6 fxg6 19. c5 d5 20. Bd3 Be6 21.
Bxg6 hxg6 22. Qxg6+ Kf8 23. Bxf6 exf6 24. Qxf6+ Kg8 25. Qg6+ Kh8 26. Qh6+ Kg8
27. Rf3 Qxc5+ 28. Kh1 Bg4 29. Qg6+ Kh8 30. Rf7 1-0

[Event "SR 3. liga A2 2016/2017"]
[Site "?"]
[Date "2017.03.05"]
[Round "10.5"]
[White "Sefcik, Marek St"]
[Black "Cibulka, Vladimir"]
[Result "0-1"]
[WhiteElo "2011"]
[BlackElo "2157"]
[PlyCount "80"]
[EventDate "2016.??.??"]

1. b3 d5 2. Bb2 Nf6 3. e3 Bf5 4. Nf3 e6 5. Be2 h6 6. d3 Be7 7. Nbd2 O-O 8. Ne5
Nbd7 9. f4 Nxe5 10. fxe5 Nd7 11. Bg4 Bg6 12. Qe2 c5 13. O-O Rc8 14. c4 Nb6 15.
d4 dxc4 16. Nxc4 Nxc4 17. bxc4 cxd4 18. exd4 Qb6 19. Kh1 Rc7 20. c5 Qa5 21. Bf3
Rd8 22. Be4 Bxe4 23. Qxe4 Qb4 24. Qc2 Qb5 25. a4 Qc6 26. Qf2 Bf8 27. Ra3 b6 28.
cxb6 Qxb6 29. Rf3 Rdd7 30. Bc3 Qb7 31. Qe3 Qa6 32. a5 Qc4 33. h4 Bb4 34. Bxb4
Qxb4 35. Rf4 Qxa5 36. Qe4 Qd5 37. Qxd5 Rxd5 38. g4 Rcd7 39. Ra1 Rxd4 40. Rxd4
Rxd4 0-1

[Event "SR 3. liga A2 2016/2017"]
[Site "?"]
[Date "2017.03.05"]
[Round "10.5"]
[White "Merva, Frantisek"]
[Black "Chabada, Tomas St"]
[Result "1-0"]
[WhiteElo "2058"]
[BlackElo "1953"]
[PlyCount "79"]
[EventDate "2016.??.??"]

1. d4 d5 2. c4 c6 3. Nc3 Nf6 4. Nf3 e6 5. e3 Nbd7 6. a3 Be7 7. Be2 O-O 8. O-O
Ne4 9. Nd2 f5 10. f3 Nxc3 11. bxc3 f4 12. exf4 Rxf4 13. Re1 Rf8 14. Qc2 Bd6 15.
Bd3 Bxh2+ 16. Kxh2 Qh4+ 17. Kg1 Qxe1+ 18. Nf1 Qh4 19. Be3 dxc4 20. Bxc4 Nb6 21.
Bd3 Nd5 22. Bf2 Qh6 23. Bg3 Nf4 24. Be4 Bd7 25. Re1 Rae8 26. Ne3 e5 27. Qb3+
Kh8 28. Qxb7 exd4 29. cxd4 Rxe4 30. fxe4 Nd3 31. Qxd7 Nxe1 32. Nf5 Qg6 33. Bxe1
h6 34. d5 cxd5 35. Bc3 Rf7 36. Qxd5 Qb6+ 37. Bd4 Qb1+ 38. Kh2 Rb7 39. Ne7 Rb8
40. Qf7 1-0

[Event "SR 3. liga A2 2016/2017"]
[Site "?"]
[Date "2017.03.05"]
[Round "10.5"]
[White "Jakubec, Milan"]
[Black "Blaho, Stefan"]
[Result "1-0"]
[WhiteElo "2060"]
[BlackElo "2038"]
[PlyCount "109"]
[EventDate "2016.??.??"]

1. e4 c5 2. Nf3 d6 3. d4 cxd4 4. Nxd4 Nf6 5. f3 e5 6. Bb5+ Nbd7 7. Nf5 Qc7 8.
Nc3 a6 9. Be2 b5 10. O-O Bb7 11. Be3 h6 12. Bf2 Nb6 13. Bxb5+ Bc6 14. Bd3 g6
15. Ne3 Qb7 16. Rb1 Be7 17. Nc4 Nxc4 18. Bxc4 O-O 19. Qd3 Nh5 20. Nd5 Bd8 21.
Be3 Bg5 22. Qd2 Bxe3+ 23. Qxe3 Bxd5 24. Bxd5 Qa7 25. Kf2 Rfc8 26. c4 Qxe3+ 27.
Kxe3 Rab8 28. b3 Nf4 29. g3 Nxd5+ 30. cxd5 Rc2 31. Rf2 Rbc8 32. Rxc2 Rxc2 33.
a4 Rxh2 34. b4 Ra2 35. b5 axb5 36. axb5 Ra3+ 37. Kd2 Kf8 38. b6 Ra8 39. Kc3 Ke7
40. Kb4 Kd7 41. Rc1 Rc8 42. Ra1 Rc2 43. Ra7+ Kc8 44. Rxf7 Rb2+ 45. Ka5 g5 46.
Rh7 Rb3 47. Rxh6 Rxf3 48. g4 Re3 49. Ka6 Ra3+ 50. Kb5 Rc3 51. Rg6 Kb7 52. Rg7+
Kb8 53. Rxg5 Kb7 54. Rg7+ Kb8 55. g5 1-0

[Event "SR 3. liga A2 2016/2017"]
[Site "?"]
[Date "2017.03.05"]
[Round "10.5"]
[White "Rachela, Jozef"]
[Black "Husek, Lubomir"]
[Result "1-0"]
[WhiteElo "2040"]
[BlackElo "1840"]
[PlyCount "84"]
[EventDate "2016.??.??"]

1. e4 e5 2. Nf3 Nc6 3. Bb5 a6 4. Ba4 Nf6 5. O-O Be7 6. Re1 b5 7. Bb3 d6 8. c3
O-O 9. h3 Na5 10. Bc2 c5 11. d4 Qc7 12. Nbd2 Nc6 13. d5 Nd8 14. Nf1 Ne8 15. Ng3
g6 16. Be3 Ng7 17. Nh2 f6 18. Qd2 Nf7 19. a4 Bd7 20. a5 Rac8 21. Rec1 Qb7 22.
f4 Bd8 23. b4 c4 24. Rf1 Be7 25. Rf2 Rce8 26. Raf1 Qc8 27. Nf3 Qd8 28. Ne2 Qc8
29. g4 Qd8 30. Kh2 Qc8 31. Ng3 Qd8 32. Kg2 Qc8 33. Rh1 Qd8 34. Kf1 Qc8 35. Rfh2
exf4 36. Bxf4 Ne5 37. Qf2 Qc7 38. Kg2 Rc8 39. Rc1 Rce8 40. Rf1 Rc8 41. Ne2 Nd3
42. Bxd3 cxd3 1-0

[Event "SR 3. liga A2 2016/2017"]
[Site "?"]
[Date "2017.03.05"]
[Round "10.5"]
[White "Hrubos, Milan"]
[Black "Bugar, Peter"]
[Result "0-1"]
[WhiteElo "1787"]
[BlackElo "1866"]
[PlyCount "48"]
[EventDate "2016.??.??"]

1. e4 e6 2. d4 d5 3. Nd2 c5 4. exd5 Qxd5 5. dxc5 Nf6 6. Ngf3 Qxc5 7. Nb3 Qc7 8.
Bd3 Nbd7 9. O-O Be7 10. c3 O-O 11. Be3 b6 12. a4 Bb7 13. Nbd4 a6 14. Ng5 Bd6
15. f4 h6 16. Ndxe6 fxe6 17. Nxe6 Qc6 18. Rf3 Rfe8 19. f5 Re7 20. Bf4 Bxf4 21.
Nxf4 Ng4 22. Ne6 Nde5 23. Rg3 Rxe6 24. fxe6 Qc5+ 0-1

[Event "SR 3. liga A2 2016/2017"]
[Site "?"]
[Date "2017.03.05"]
[Round "10.5"]
[White "Matis, Tibor ml"]
[Black "Vach, Jozef"]
[Result "1-0"]
[WhiteElo "1848"]
[BlackElo "1683"]
[PlyCount "73"]
[EventDate "2016.??.??"]

1. e4 e5 2. Nf3 Nc6 3. d4 exd4 4. Nxd4 Nxd4 5. Qxd4 d6 6. Nc3 c6 7. Bf4 Qf6 8.
e5 Qe6 9. Bc4 d5 10. O-O-O Ne7 11. Ne4 Nf5 12. Qd2 Be7 13. Rhe1 O-O 14. Bb3 a5
15. a3 b5 16. f3 Ba6 17. g4 Nh4 18. Qf2 Ng6 19. Bg3 Rfd8 20. h4 Qc8 21. Nc5 Nf8
22. g5 Ne6 23. Nxa6 Qxa6 24. f4 Nc5 25. f5 Ne4 26. Qf3 a4 27. Ba2 b4 28. f6 Bf8
29. fxg7 Kxg7 30. Rxe4 Qb6 31. Qf6+ Kg8 32. e6 fxe6 33. Qxe6+ Kh8 34. Be5+ Bg7
35. Bxg7+ Kxg7 36. Qf6+ Kg8 37. Re7 1-0

[Event "SR 3. liga A2 2016/2017"]
[Site "?"]
[Date "2017.03.05"]
[Round "10.6"]
[White "Liptak, Dusan"]
[Black "Skreno, Vladimir"]
[Result "1-0"]
[WhiteElo "2098"]
[BlackElo "2218"]
[PlyCount "75"]
[EventDate "2016.??.??"]

1. d4 Nf6 2. c4 g6 3. Nc3 Bg7 4. e4 d6 5. Be2 O-O 6. Nf3 e5 7. O-O Nc6 8. d5
Ne7 9. Nd2 Ne8 10. b4 f5 11. f3 f4 12. c5 g5 13. Nc4 Rf7 14. a4 Ng6 15. a5 Bf8
16. c6 bxc6 17. dxc6 h5 18. b5 Be6 19. Nd5 Rg7 20. Ba3 Rb8 21. Rb1 Nh4 22. h3
Kh8 23. Nxe5 Bxd5 24. Qxd5 Nf6 25. Nf7+ Kg8 26. Nxd8+ Nxd5 27. Ne6 Ne3 28. Nxg7
Bxg7 29. Rfc1 Bd4 30. Kh1 Nhxg2 31. Rg1 Nh4 32. Rxg5+ Kf7 33. Bb2 Bc5 34. Rg7+
Ke6 35. Rxc7 Rxb5 36. Bxb5 Nxf3 37. Bd3 Ng5 38. Rg1 1-0

[Event "SR 3. liga A2 2016/2017"]
[Site "?"]
[Date "2017.03.05"]
[Round "10.6"]
[White "Bisco, Igor"]
[Black "Kovacocy, Pavel"]
[Result "0-1"]
[WhiteElo "2071"]
[BlackElo "2237"]
[PlyCount "150"]
[EventDate "2016.??.??"]

1. e4 c5 2. Nf3 Nc6 3. d4 cxd4 4. Nxd4 g6 5. Nc3 Bg7 6. Be3 Nf6 7. Bc4 Qa5 8.
f3 Qb4 9. Bb3 Nxe4 10. Nxc6 Bxc3+ 11. bxc3 Qxc3+ 12. Ke2 dxc6 13. Bd4 e5 14.
Bxc3 Nxc3+ 15. Kf2 Nxd1+ 16. Raxd1 O-O 17. Rhe1 Re8 18. Rd6 Kg7 19. g4 Be6 20.
Rxe5 Bxb3 21. Rxe8 Rxe8 22. axb3 Re7 23. g5 h6 24. h4 hxg5 25. hxg5 Re5 26. f4
Rb5 27. Ke3 Kf8 28. Rd7 Rb4 29. Rc7 Ke8 30. Kf3 a5 31. Ke3 a4 32. bxa4 Rxa4 33.
Rxb7 Rc4 34. Rb2 Kd7 35. Ra2 Ke6 36. Rb2 Kf5 37. Rb7 Re4+ 38. Kd3 Rxf4 39.
Rxf7+ Kxg5 40. Rc7 Rf6 41. Ke4 Re6+ 42. Kf3 Kf5 43. Rf7+ Ke5 44. Ke3 Kd5+ 45.
Kd3 Kc5 46. Rg7 Rf6 47. Ra7 Kd5 48. Ra5+ Ke6 49. Rc5 Kf7 50. Ke4 Kg7 51. c4
Re6+ 52. Kf4 Kf6 53. Ra5 Rd6 54. Rc5 Ke6 55. Ke4 Kd7 56. Ra5 Kc7 57. Ke5 Rd1
58. c5 Rd5+ 59. Kf6 g5 60. Ra7+ Kb8 61. Ra5 Kb7 62. Ke6 g4 63. Ra4 Rg5 64. Kf6
Rg8 65. Kf7 Rg5 66. Kf6 Rxc5 67. Rxg4 Kb6 68. Rb4+ Rb5 69. Rc4 Rd5 70. Ke6 Rd8
71. Ke5 c5 72. Rc2 Kb5 73. Ke4 Kb4 74. Rc1 c4 75. Rb1+ Kc3 0-1

[Event "SR 3. liga A2 2016/2017"]
[Site "?"]
[Date "2017.03.05"]
[Round "10.6"]
[White "Cechovic, Stefan"]
[Black "Malar, Pavol"]
[Result "1/2-1/2"]
[WhiteElo "2114"]
[BlackElo "2113"]
[PlyCount "31"]
[EventDate "2016.??.??"]

1. Nf3 e6 2. g3 f5 3. Bg2 Nf6 4. b3 Be7 5. Bb2 O-O 6. c4 d6 7. d4 Nc6 8. O-O
Qe8 9. e3 Ne4 10. d5 Nd8 11. dxe6 Nxe6 12. Nc3 Bf6 13. Qc2 Qh5 14. Nd5 Bxb2 15.
Qxb2 Qf7 16. Nd4 1/2-1/2

[Event "SR 3. liga A2 2016/2017"]
[Site "?"]
[Date "2017.03.05"]
[Round "10.6"]
[White "Gajarsky, Roman"]
[Black "Sarmir, Milos"]
[Result "0-1"]
[WhiteElo "1792"]
[BlackElo "2075"]
[PlyCount "76"]
[EventDate "2016.??.??"]

1. e4 e5 2. Nf3 Nc6 3. Bc4 Be7 4. Nc3 d6 5. Nd5 Nf6 6. Nxe7 Qxe7 7. d3 Na5 8.
Bb3 Nxb3 9. axb3 Bg4 10. Be3 a6 11. h3 Bxf3 12. Qxf3 Qe6 13. g4 d5 14. Bg5 dxe4
15. dxe4 O-O-O 16. Bxf6 gxf6 17. Qf5 h5 18. f3 hxg4 19. fxg4 Rh4 20. Rd1 Rdh8
21. Kf2 Qxf5+ 22. exf5 Rxh3 23. Rxh3 Rxh3 24. Kg2 Rh8 25. Rd2 Rd8 26. Re2 Rd4
27. Kf3 Kd7 28. Rh2 Ke7 29. c3 Rd3+ 30. Ke4 Rg3 31. Rh4 Rg2 32. Kd3 Rxb2 33. b4
Rg2 34. g5 Rg3+ 35. Kc2 b6 36. Kb2 a5 37. bxa5 bxa5 38. Kc2 a4 0-1

[Event "SR 3. liga A2 2016/2017"]
[Site "?"]
[Date "2017.03.05"]
[Round "10.6"]
[White "Vagovsky, Jozef"]
[Black "Barca, Michal"]
[Result "1/2-1/2"]
[WhiteElo "1808"]
[BlackElo "1774"]
[PlyCount "37"]
[EventDate "2016.??.??"]

1. d4 Nf6 2. Nf3 e6 3. Bf4 b6 4. e3 Bb7 5. Nbd2 Be7 6. Bd3 O-O 7. h3 d6 8. e4
Nbd7 9. Qe2 c5 10. c3 cxd4 11. cxd4 Qc7 12. O-O Rac8 13. Nb3 e5 14. Rac1 Qb8
15. Bg5 exd4 16. Nfxd4 Nc5 17. Nxc5 dxc5 18. Nf5 Rfe8 19. Nxe7+ 1/2-1/2

[Event "SR 3. liga A2 2016/2017"]
[Site "?"]
[Date "2017.03.05"]
[Round "10.6"]
[White "Janas, Peter"]
[Black "Vlkovic, Pavol"]
[Result "0-1"]
[WhiteElo "1686"]
[BlackElo "1790"]
[PlyCount "62"]
[EventDate "2016.??.??"]

1. d4 d6 2. c4 Nd7 3. Nc3 c6 4. e4 e5 5. Nge2 Ngf6 6. Bg5 Be7 7. d5 Qc7 8. Ng3
h6 9. Be3 Nf8 10. Be2 Ng6 11. O-O Nf4 12. Bxf4 exf4 13. Nh5 Nxh5 14. Bxh5 Bf6
15. Qd2 Be5 16. Qe2 g6 17. Bf3 Qe7 18. g3 Bh3 19. Rfe1 h5 20. Bg2 Bxg2 21. Kxg2
g5 22. Qd3 g4 23. Kg1 f3 24. Nd1 h4 25. Ne3 hxg3 26. Nxg4 gxf2+ 27. Kxf2 Qh4+
28. Kxf3 Qh3+ 29. Ke2 Qxg4+ 30. Kd2 Rxh2+ 31. Kc1 Bxb2+ 0-1

[Event "SR 3. liga A2 2016/2017"]
[Site "?"]
[Date "2017.03.05"]
[Round "10.6"]
[White "Hornak, Pavol"]
[Black "Tupy, Bystrik"]
[Result "1-0"]
[WhiteElo "1809"]
[BlackElo "1717"]
[PlyCount "113"]
[EventDate "2016.??.??"]

1. d4 d5 2. c4 c6 3. Nf3 Bg4 4. e3 Nf6 5. Nbd2 e6 6. cxd5 exd5 7. Be2 Nbd7 8.
O-O Bd6 9. b3 O-O 10. Bb2 Re8 11. Rc1 Qc7 12. h3 Bf5 13. Nh4 Be6 14. Bd3 Qd8
15. Ndf3 Nf8 16. Nf5 Bc7 17. Qc2 Ng6 18. Ng3 Nd7 19. Rfe1 Bxg3 20. fxg3 Nf6 21.
Bxg6 hxg6 22. Ng5 Bf5 23. Qe2 Nh5 24. Nxf7 Kxf7 25. g4 Bxg4 26. Qxg4 Qd6 27.
Qf3+ Kg8 28. Rcd1 Rf8 29. Qg4 Rae8 30. e4 Rf4 31. e5 Qe7 32. Qxg6 Qf7 33. Qxf7+
Rxf7 34. Rf1 Rxf1+ 35. Rxf1 Ng3 36. Rf3 Ne4 37. b4 Rc8 38. Kh2 b6 39. h4 Rc7
40. Kh3 Kh7 41. g4 Re7 42. g5 Kg8 43. Bc1 Rc7 44. g6 a6 45. Kg4 Rc8 46. Ba3 b5
47. Rf7 Nd2 48. Ra7 Ne4 49. Rxa6 Nf2+ 50. Kf5 Ne4 51. Ke6 Ng3 52. Kd7 Rf8 53.
Rxc6 Nf5 54. e6 Nxd4 55. e7 Nxc6 56. exf8=Q+ Kxf8 57. Kxc6 1-0

[Event "SR 3. liga A2 2016/2017"]
[Site "?"]
[Date "2017.03.05"]
[Round "10.6"]
[White "Filip, Frantisek"]
[Black "Zelensky, Ivan"]
[Result "1-0"]
[WhiteElo "1741"]
[BlackElo "1103"]
[PlyCount "129"]
[EventDate "2016.??.??"]

1. c4 e5 2. Nc3 Nc6 3. g3 Bc5 4. Bg2 d6 5. e3 Be6 6. d3 Nf6 7. a3 a6 8. b4 Ba7
9. b5 Ne7 10. Bxb7 Rb8 11. bxa6 Nd7 12. Nb5 Nc8 13. Bxc8 Qxc8 14. Nxa7 Qxa6 15.
Nb5 Qb7 16. e4 Nf6 17. f3 O-O 18. Bg5 Ne8 19. Ne2 h6 20. Be3 c6 21. Nbc3 Nf6
22. O-O Kh8 23. Rb1 Qc7 24. Rxb8 Rxb8 25. Qd2 Ra8 26. a4 Nh7 27. f4 f6 28. Rb1
Nf8 29. a5 Qxa5 30. Rb2 Bc8 31. Rb3 Ne6 32. d4 exd4 33. Bxd4 Ba6 34. Nb1 Bxc4
35. Qxa5 Rxa5 36. Rb8+ Kh7 37. Bb6 Ra1 38. Nec3 Bd3 39. Be3 c5 40. Kf2 Nd4 41.
Rb2 Nc6 42. Nd2 Rc1 43. Nd5 Rh1 44. Kg2 Ra1 45. Rb6 Nb4 46. Nxb4 cxb4 47. Kf2
Rh1 48. Kf3 Rxh2 49. Bf2 Rh1 50. Rxb4 Rd1 51. Ke3 Bc2 52. Rd4 f5 53. exf5 Bxf5
54. Rxd6 Rc1 55. Kf3 Rc3+ 56. Be3 h5 57. Kf2 Rc2 58. Rd5 Bg6 59. Kf3 Rb2 60. f5
Bf7 61. Rd7 Kg8 62. Ne4 Rb5 63. Rd8+ Kh7 64. Ng5+ Kh6 65. Nxf7+ 1-0

[Event "SR 3. liga A2 2016/2017"]
[Site "?"]
[Date "2017.03.19"]
[Round "11.1"]
[White "Bisco, Igor"]
[Black "Spacek, Oliver"]
[Result "1/2-1/2"]
[WhiteElo "2071"]
[BlackElo "2211"]
[PlyCount "51"]
[EventDate "2016.??.??"]

1. e4 c5 2. Nf3 a6 3. d4 cxd4 4. Nxd4 e6 5. Nc3 b5 6. Bd3 Qb6 7. Nb3 Qc7 8. O-O
Bb7 9. a4 b4 10. Na2 Nf6 11. Qe2 Bc6 12. Bd2 a5 13. e5 Nd5 14. Bb5 Bxb5 15.
axb5 a4 16. Nd4 Bc5 17. Nf3 a3 18. b3 d6 19. c4 bxc3 20. Nxc3 O-O 21. Ne4 Nd7
22. Rfc1 Qa7 23. exd6 Rfc8 24. h3 h6 25. Rc4 N5b6 26. Rcc1 1/2-1/2

[Event "SR 3. liga A2 2016/2017"]
[Site "?"]
[Date "2017.03.19"]
[Round "11.1"]
[White "Polasek, Filip"]
[Black "Slamena, Michal"]
[Result "0-1"]
[WhiteElo "2070"]
[BlackElo "2001"]
[PlyCount "84"]
[EventDate "2016.??.??"]

1. e4 d6 2. d4 g6 3. Nc3 Bg7 4. Be3 Nf6 5. Qd2 Ng4 6. Be2 Nxe3 7. fxe3 O-O 8.
Nf3 Nd7 9. O-O-O c5 10. g4 a6 11. g5 b5 12. h4 Bb7 13. h5 e6 14. hxg6 fxg6 15.
Rh4 Rxf3 16. Bxf3 Qxg5 17. Rdh1 cxd4 18. exd4 Qxd2+ 19. Kxd2 h5 20. Rg1 Rf8 21.
Ke2 Kh7 22. Rd1 b4 23. Nb1 a5 24. c3 Ba6+ 25. Kf2 Nf6 26. Kg2 g5 27. Rxh5+ Nxh5
28. Bxh5 Rf4 29. Rh1 Rh4 30. Rxh4 gxh4 31. Nd2 Bd3 32. Bf3 Bh6 33. Nb3 a4 34.
Na5 bxc3 35. bxc3 Bd2 36. Kh3 Bxc3 37. Nc6 Kg6 38. Kxh4 Bb5 39. d5 Kf6 40. Kg3
a3 41. Bd1 exd5 42. exd5 Bc4 0-1

[Event "SR 3. liga A2 2016/2017"]
[Site "?"]
[Date "2017.03.19"]
[Round "11.1"]
[White "Gajarsky, Roman"]
[Black "Nemeckay, Rastislav"]
[Result "1/2-1/2"]
[WhiteElo "1792"]
[BlackElo "1989"]
[PlyCount "20"]
[EventDate "2016.??.??"]

1. e4 e5 2. Bc4 Nc6 3. d3 Nf6 4. Bg5 Be7 5. Nf3 d6 6. c3 O-O 7. Nbd2 Na5 8. Bb5
a6 9. Ba4 b5 10. Bc2 c5 1/2-1/2

[Event "SR 3. liga A2 2016/2017"]
[Site "?"]
[Date "2017.03.19"]
[Round "11.1"]
[White "Ocko, Martin"]
[Black "Janas, Peter"]
[Result "1-0"]
[WhiteElo "1967"]
[BlackElo "1686"]
[PlyCount "77"]
[EventDate "2016.??.??"]

1. e4 d5 2. exd5 Qxd5 3. Nc3 Qa5 4. g3 Nf6 5. Bg2 g6 6. Nge2 Bg7 7. O-O O-O 8.
d3 c6 9. Bd2 Bg4 10. Qc1 Bxe2 11. Nxe2 Qe5 12. Re1 Qc7 13. Nc3 Re8 14. Rb1 Nbd7
15. Bg5 Nb6 16. Qf4 Qxf4 17. Bxf4 Nfd5 18. Nxd5 Nxd5 19. Bd2 Nb6 20. b4 Nd5 21.
c4 Nc7 22. b5 cxb5 23. Bxb7 Rab8 24. Bc6 Red8 25. Ba5 Ne6 26. Bxd8 Rxd8 27. Bd5
Bc3 28. Re2 Nd4 29. Rxe7 b4 30. Rxa7 Rf8 31. c5 Ne6 32. c6 Rc8 33. Bxe6 fxe6
34. c7 Kg7 35. a3 Bd4 36. Ra4 Rxc7 37. Raxb4 e5 38. Rb7 Rxb7 39. Rxb7+ 1-0

[Event "SR 3. liga A2 2016/2017"]
[Site "?"]
[Date "2017.03.19"]
[Round "11.1"]
[White "Tupy, Bystrik"]
[Black "Danada, Ondrej"]
[Result "1-0"]
[WhiteElo "1717"]
[BlackElo "1905"]
[PlyCount "63"]
[EventDate "2016.??.??"]

1. e4 c6 2. d4 d5 3. exd5 cxd5 4. Nf3 Nc6 5. Bb5 Nf6 6. Nc3 Bg4 7. O-O e6 8.
Qd3 Bd6 9. Ne5 Bf5 10. Qe2 Qc7 11. Bg5 Nd7 12. Bxc6 bxc6 13. Nf3 h6 14. Bh4 Rb8
15. b3 O-O 16. Bg3 Bxg3 17. hxg3 c5 18. Nb5 Qb6 19. a4 Rfc8 20. Rac1 c4 21.
bxc4 Rxc4 22. Ne5 Nxe5 23. dxe5 Rxa4 24. Nd6 Bg6 25. Kh2 Ra2 26. f4 Qc5 27. f5
exf5 28. Nxf5 Rbb2 29. e6 fxe6 30. Qxe6+ Bf7 31. Nxh6+ gxh6 32. Rxf7 1-0

[Event "SR 3. liga A2 2016/2017"]
[Site "?"]
[Date "2017.03.19"]
[Round "11.1"]
[White "Skapik, Branislav"]
[Black "Tupy, Emil"]
[Result "1/2-1/2"]
[WhiteElo "1824"]
[BlackElo "1660"]
[PlyCount "48"]
[EventDate "2016.??.??"]

1. Nf3 Nf6 2. g3 d5 3. d4 g6 4. Bg2 Bg7 5. O-O O-O 6. Nbd2 c6 7. Re1 Bf5 8. Nh4
Be6 9. e4 Nxe4 10. Nxe4 dxe4 11. Rxe4 Bd5 12. Re2 Bxg2 13. Nxg2 e6 14. c3 Nd7
15. Ne3 Nf6 16. Qb3 Qd7 17. Bd2 b5 18. Rae1 Bh6 19. Nf1 Bxd2 20. Nxd2 Rac8 21.
Rd1 Rfd8 22. Nf3 Qd5 23. Qxd5 cxd5 24. Ne5 Kg7 1/2-1/2

[Event "SR 3. liga A2 2016/2017"]
[Site "?"]
[Date "2017.03.19"]
[Round "11.1"]
[White "Jancicka, Viliam"]
[Black "Spacek, Marcel"]
[Result "1-0"]
[WhiteElo "1616"]
[BlackElo "1808"]
[PlyCount "59"]
[EventDate "2016.??.??"]

1. d4 g6 2. e4 Bg7 3. Nf3 d6 4. c4 Nc6 5. Be3 e5 6. d5 Nce7 7. Nc3 f5 8. Bd3
Nf6 9. h3 h6 10. g3 O-O 11. Qd2 g5 12. Qc2 f4 13. gxf4 exf4 14. Bd2 Ng6 15.
O-O-O Nd7 16. Rde1 Nge5 17. Be2 Nxf3 18. Bxf3 Ne5 19. Be2 c6 20. f3 a6 21. Reg1
b5 22. cxb5 axb5 23. dxc6 Nxc6 24. Bxb5 Nd4 25. Bc4+ Kh8 26. Qd3 Qb6 27. Nd5
Qb7 28. Bc3 Qa7 29. h4 gxh4 30. Rxg7 1-0

[Event "SR 3. liga A2 2016/2017"]
[Site "?"]
[Date "2017.03.19"]
[Round "11.1"]
[White "Trojkova, Michaela"]
[Black "Filip, Frantisek"]
[Result "0-1"]
[WhiteElo "1663"]
[BlackElo "1741"]
[PlyCount "114"]
[EventDate "2016.??.??"]

1. e4 e6 2. Qe2 b6 3. Nf3 Be7 4. g3 Bb7 5. Bg2 Nc6 6. Nc3 h6 7. O-O d6 8. d4 e5
9. dxe5 dxe5 10. Rd1 Bd6 11. Nd5 Nf6 12. a3 a5 13. c3 O-O 14. Nh4 Nxd5 15. exd5
Ne7 16. Qg4 Bc8 17. Qh5 Qe8 18. Be4 f5 19. Qxe8 Rxe8 20. Bc2 Rf8 21. Nf3 Ng6
22. Re1 e4 23. Nd4 Ne5 24. b3 Bc5 25. Rd1 Bxd4 26. cxd4 Nf3+ 27. Kg2 Bb7 28.
Be3 Bxd5 29. Rdc1 c6 30. Bd1 g5 31. Bxf3 exf3+ 32. Kg1 Rae8 33. b4 axb4 34.
axb4 Re4 35. Rd1 b5 36. Ra7 Rf7 37. Rxf7 Kxf7 38. Kf1 Kf6 39. Bc1 Bc4+ 40. Kg1
Ke6 41. Be3 Kd5 42. h4 Bb3 43. Rd3 Kc4 44. Rxb3 Kxb3 45. hxg5 hxg5 46. Bxg5
Kxb4 47. Bd2+ Kc4 48. Be3 b4 49. Kh2 Rxd4 50. Bxd4 Kxd4 51. Kh3 b3 52. Kh4 b2
53. Kg5 b1=Q 54. Kf4 Qe4+ 55. Kg5 Ke5 56. g4 fxg4 57. Kh4 Kf4 0-1

[Event "SR 3. liga A2 2016/2017"]
[Site "?"]
[Date "2017.03.19"]
[Round "11.2"]
[White "Takacs, Laszlo"]
[Black "Sarmir, Milos"]
[Result "0-1"]
[WhiteElo "2218"]
[BlackElo "2075"]
[PlyCount "102"]
[EventDate "2016.??.??"]

1. e4 e5 2. Nf3 Nc6 3. Bb5 a6 4. Ba4 Nf6 5. O-O Be7 6. Re1 b5 7. Bb3 d6 8. c3
O-O 9. h3 Na5 10. Bc2 c5 11. d4 Qc7 12. Nbd2 Bb7 13. Nf1 Rfc8 14. Bd3 Nc6 15.
Bg5 cxd4 16. cxd4 Qb6 17. d5 Nd4 18. Nxd4 Qxd4 19. Bc1 g6 20. Qe2 Nh5 21. Be3
Nf4 22. Bxd4 Nxe2+ 23. Rxe2 exd4 24. f4 Rc5 25. b4 Rc3 26. Rd1 Rac8 27. Kf2 f6
28. Nh2 Bd8 29. Nf3 Bb6 30. Kg3 Rc1 31. Ree1 R1c3 32. Kh2 Ra3 33. Bb1 Rc4 34.
e5 fxe5 35. fxe5 dxe5 36. d6 Rc6 37. Rxe5 Rxd6 38. Kh1 Bc6 39. Ng5 Bd8 40. Ne4
Bxe4 41. Rxe4 Bf6 42. Bc2 Rc3 43. Bb3+ Kg7 44. Re6 Rxe6 45. Bxe6 Be5 46. Kg1
Bg3 47. Bd5 Re3 48. Rf1 d3 49. Bb3 d2 50. Bd1 Rc3 51. Bb3 Rxb3 0-1

[Event "SR 3. liga A2 2016/2017"]
[Site "?"]
[Date "2017.03.19"]
[Round "11.2"]
[White "Vagovsky, Jozef"]
[Black "Cibulka, Vladimir"]
[Result "0-1"]
[WhiteElo "1808"]
[BlackElo "2157"]
[PlyCount "88"]
[EventDate "2016.??.??"]

1. d4 e6 2. Nf3 f5 3. c4 Nf6 4. g3 c6 5. Bg2 d5 6. b3 Bd6 7. O-O O-O 8. e3 Qe7
9. Bb2 Bd7 10. Nbd2 Be8 11. Ne5 Nbd7 12. Ndf3 Bh5 13. Qe1 Ne4 14. Nd3 Bxf3 15.
Bxf3 g5 16. Bg2 g4 17. f3 gxf3 18. Bxf3 Rf7 19. Bxe4 dxe4 20. Ne5 Nxe5 21. dxe5
Bc5 22. Rd1 Qg5 23. Bc1 Rg7 24. Kh1 Rd8 25. Rf2 Rd3 26. Rxd3 exd3 27. b4 Bf8
28. c5 Qg4 29. Bd2 Qe4+ 30. Kg1 Rg4 31. Bc3 h5 32. Rf4 Rxf4 33. exf4 Qc4 34.
Qd2 b6 35. cxb6 axb6 36. Kf2 c5 37. a3 Be7 38. Ke3 Qe4+ 39. Kf2 c4 40. Qe1
Qxe1+ 41. Bxe1 b5 42. Bd2 Kf7 43. Ke1 Ke8 44. Bc3 Kd7 0-1